International Finance Management (Record no. 2701)

MARC details
000 -LEADER
fixed length control field 00343nam a2200145Ia 4500
008 - FIXED-LENGTH DATA ELEMENTS--GENERAL INFORMATION
fixed length control field 191201s2006 xx 000 0 und d
082 ## - DEWEY DECIMAL CLASSIFICATION NUMBER
Classification number 658.150091
Item number MAI
100 ## - MAIN ENTRY--PERSONAL NAME
Personal name MADHU, V I J
245 #0 - TITLE STATEMENT
Title International Finance Management
250 ## - EDITION STATEMENT
Edition statement 1st
260 ## - PUBLICATION, DISTRIBUTION, ETC. (IMPRINT)
Place of publication, distribution, etc N.Delhi
Name of publisher, distributor, etc Excel Books
Date of publication, distribution, etc 2006
300 ## - PHYSICAL DESCRIPTION
Extent 668
650 ## - SUBJECT ADDED ENTRY--TOPICAL TERM
Topical term or geographic name as entry element MBA
942 ## - ADDED ENTRY ELEMENTS (KOHA)
Source of classification or shelving scheme Dewey Decimal Classification
Koha item type Text Books
Holdings
Withdrawn status Lost status Source of classification or shelving scheme Damaged status Not for loan Collection code Home library Current library Date acquired Source of acquisition Cost, normal purchase price Bill Number Total Checkouts Full call number Acc. no. / Barcode Date last seen Bill Date Koha item type Checked out Date last borrowed Public note
    Dewey Decimal Classification     MBA PIET C-LIBRARY PIET C-LIBRARY 11/08/2007 J B C, New Delhi 275.00 695   658.1599 VII 5782 04/12/2019 27/07/2007 Text Books      
    Dewey Decimal Classification     MBA PIET C-LIBRARY PIET C-LIBRARY 11/08/2007 J B C, New Delhi 275.00 695   658.1599 VII 5783 04/12/2019 27/07/2007 Text Books      
    Dewey Decimal Classification     MBA PIET C-LIBRARY PIET C-LIBRARY 11/08/2007 J B C, New Delhi 275.00 695 1 658.1599 VII 5784 22/01/2022 27/07/2007 Text Books 21/07/2022 22/01/2022 .
    Dewey Decimal Classification     MBA PIET C-LIBRARY PIET C-LIBRARY 11/08/2007 J B C, New Delhi 275.00 695   658.1599 VII 5785 04/12/2019 27/07/2007 Text Books      

Design & Developed by: PIET Central Library
R70 Miles Stone Pattikalyana Samalkha Panipat 132102
mail ID :- [email protected], Phone No:- 0180-2569700 Ex.216